| 000 | 01031nas a2200277 4500 | ||
|---|---|---|---|
| 001 | 6283 | ||
| 003 | GR-kaGGEEl | ||
| 005 | 20220622205358.0 | ||
| 035 | _a8990 | ||
| 090 | _a6283 | ||
| 100 | _a20100512a19609999k y0grey50 ga | ||
| 101 | 0 | _aeng | |
| 102 | _aCY | ||
| 106 | _ae | ||
| 110 | _ac||| 0||| | ||
| 200 | 1 |
_aΗ Μάχη [εφημερίδα] _fιδιοκτήτης-διευθυντής Νίκος Σαμψών |
|
| 207 | 0 | _aΑρ.φυλ.1 (24 Οκτ.1960) - αρ.φυλ.5818 (15 Νοεμ.1980), (24 Οκτ.1992) - | |
| 210 |
_aΛευκωσία _d1960-1980, 1992 - |
||
| 310 | _aΗ εφημερίδα είναι δεμένη σε 4 τόμους μεγάλου μεγέθους. | ||
| 310 | _aΗ βιβλιοθήκη διαθέτει τα εξής: 1961, 1962, Ιουλ.-Οκτ.1973, Μαρτ.-Ιουν.1974 | ||
| 606 | 1 |
_aΤύπος, Κυπριακός _923970 |
|
| 607 |
_aΚύπρος _xΕφημερίδες _916682 |
||
| 676 | _a079.5645 | ||
| 942 | _cCR | ||